000 00847 a2200205 4500
999 _c10460
_d10460
020 _a9781138650374 (hardback)
020 _a9781138650503 (pbk.)
050 0 0 _aJZ6374. UNP2016
100 _aDe Coning, Cedric
_eauthor
245 0 4 _aThe UN peacebuilding architecture :
_bthe first 10 years /
_cedited by Cedric de Coning and Eli Stamnes.
264 1 _aMilton Park, Abingdon, Oxon ;
_aNew York, NY :
_bRoutledge,
_c2016.
300 _axxxviii, 262 pages ;
500 _aIncludes bibliographical references and index.
504 _aIncludes bibliographical references and index.
650 0 _aUnited Nations
_xPeacekeeping forces
_xHistory.
700 1 _aDe Coning, Cedric,
_eeditor.
700 1 _aStamnes, Eli,
_eeditor.
942 _2lcc
_cBK
_h6374
_iUNP
_kJZ